SACHITRA PADARTH VIJNANA (Record no. 14450)
[ view plain ]
| 000 -LEADER | |
|---|---|
| fixed length control field | 00333nam a22001457a 4500 |
| 003 - CONTROL NUMBER IDENTIFIER | |
| control field | SGT |
| 020 ## - INTERNATIONAL STANDARD BOOK NUMBER | |
| International Standard Book Number | 978-93-82443-03-2 |
| 082 ## - DEWEY DECIMAL CLASSIFICATION NUMBER | |
| Classification number | 615.53 |
| Item number | S18S |
| 100 ## - MAIN ENTRY--PERSONAL NAME | |
| Personal name | SHIVHARE, HIRALAL.R |
| 245 ## - TITLE STATEMENT | |
| Title | SACHITRA PADARTH VIJNANA |
| 260 ## - PUBLICATION, DISTRIBUTION, ETC. (IMPRINT) | |
| Place of publication, distribution, etc | VARANASI |
| Name of publisher, distributor, etc | CHAUKHAMBHA PUB |
| Year of Publication | 2018 |
| 300 ## - PAGE DESCRIPTION | |
| No. of Pages | 416 |
| 650 ## - SUBJECT ADDED ENTRY--TOPICAL TERM | |
| Topical term or geographic name as entry element | AYURVEDA |
| 942 ## - ADDED ENTRY ELEMENTS (KOHA) | |
| Source of classification or shelving scheme | Dewey Decimal Classification |
| Koha item type | Books |
| 942 ## - ADDED ENTRY ELEMENTS (KOHA) | |
| -- | 10 |
| Withdrawn status | Lost status | Source of classification or shelving scheme | Damaged status | Use restrictions | Not for loan | Collection code | Home library | Current library | Shelving location | Date acquired | Vendor Name | Cost, normal purchase price | SGTU | Bill Number | Full call number | Accession No. (Barcode) | Date last seen | Bill Date | Koha item type | Total Checkouts | Date last borrowed |
|---|---|---|---|---|---|---|---|---|---|---|---|---|---|---|---|---|---|---|---|---|---|
| Dewey Decimal Classification | Restricted Access | AYURVEDA | SGT FA-FP Library | SGT FA-FP Library | Reference Book | 10/01/2018 | CHAUKHAMBHA PUB | 260.00 | SGTU | CP/B/849 | 615.53 S18S | FA7226 | 10/01/2018 | 25/12/2017 | Books | ||||||
| Dewey Decimal Classification | AYURVEDA | SGT FA-FP Library | SGT FA-FP Library | Text Book | 10/01/2018 | CHAUKHAMBHA PUB | 260.00 | SGTU | CP/B/849 | 615.53 S18S | FA7227 | 12/04/2024 | 25/12/2017 | Books | 6 | 08/04/2024 | |||||
| Dewey Decimal Classification | AYURVEDA | SGT FA-FP Library | SGT FA-FP Library | Text Book | 10/01/2018 | CHAUKHAMBHA PUB | 260.00 | SGTU | CP/B/849 | 615.53 S18S | FA7228 | 12/09/2022 | 25/12/2017 | Books | 3 | 09/09/2022 | |||||
| Dewey Decimal Classification | AYURVEDA | SGT FA-FP Library | SGT FA-FP Library | Text Book | 10/01/2018 | CHAUKHAMBHA PUB | 260.00 | SGTU | CP/B/849 | 615.53 S18S | FA7229 | 10/09/2022 | 25/12/2017 | Books | 5 | 09/09/2022 | |||||
| Dewey Decimal Classification | AYURVEDA | SGT FA-FP Library | SGT FA-FP Library | Text Book | 10/01/2018 | CHAUKHAMBHA PUB | 260.00 | SGTU | CP/B/849 | 615.53 S18S | FA7230 | 15/05/2024 | 25/12/2017 | Books | 2 | 15/05/2024 |